| 000 | 00827nam a2200205 i 4500 | ||
|---|---|---|---|
| 001 | 74436 | ||
| 003 | ES-MaACL | ||
| 005 | 20250820051413.0 | ||
| 007 | t| | ||
| 008 | 040920s1972 sp ||||1| spa d | ||
| 100 | 1 |
_aGonzález Martín, Marcelo, _d1918-2004 _9140601 |
|
| 245 | 1 | 3 |
_aLa Virgen María y la Iglesia de hoy _b: María y el humanismo cristiano. Conferencia de clausura de la XXXI Asamblea de Estudios Mariológicos, celebrada en Zaragoza (16-21 de octubre, 1972) / _cMarcelo González Martín. |
| 260 |
_aMadrid : _bCoculsa, _c[1972] |
||
| 300 |
_a55 p., 11 lám. ; _c25 cm. |
||
| 500 | _aPrecede al tít.: Sociedad Mariológica Española. | ||
| 600 | 0 | 4 |
_aVirgen María _9115436 |
| 710 | 2 |
_aSociedad Mariológica Española. _96790 |
|
| 852 |
_aES-MaACL _jC-50782 _bR.85249 |
||
| 999 |
_c74436 _d74436 |
||